| 000 | 00521 a2200181 4500 | ||
|---|---|---|---|
| 020 | _a1861002874 | ||
| 040 | _aDLC | ||
| 082 | 0 | 0 | _a005.4/4769 |
| 245 | 0 | 0 |
_aProfessional Linux deployment _cMike Banahan |
| 246 | 3 | _aLinux deployment | |
| 260 |
_aBirmingham, UK : _bWrox Press, _cc2000. |
||
| 300 |
_axvii, 653 p. : _bill. ; _c24 cm. |
||
| 500 | _a"Programmer to programmer"--Cover. | ||
| 500 | _aIncludes index. | ||
| 650 | 0 | _aOperating systems (Computers) | |
| 700 | 1 | _aBanahan, Mike. | |
| 942 |
_cBK _k005.4469 BAN _2ddc |
||
| 999 |
_c6467 _d6467 |
||